Practiagenda Laboral 2016

Bibliographic Details
Main Author: Přez Chavez, Još
Other Authors: Fol Olguin, Raymundo
Format: eBook
Published: Mx̌ico: Tax Editores, 2016.
Subjects:
Online Access:Acceso restringido

MARC

LEADER 00000nam a22000007a 4500
005 20160930094035.0
007 cr|||| ||u|
008 160930s2016 Mx |||||o|||| 001 0 Spa d
020 |a 978-607-440-940-6 
035 |a 14371 
040 |a vLex 
090 |c 6253  |d 6253 
100 1 |a Přez Chavez, Još 
245 1 |a Practiagenda Laboral 2016  |h [Recurso electrn̤ico] /  |c Jos ̌Přez Chavez, Raymundo Fol Olguin. 
256 |6 Servicio en ln̕ea 
260 |a Mx̌ico:  |b Tax Editores,  |c 2016. 
300 |a 1 Recurso electrn̤ico 
506 1 |a Disponible solo en los productos  |d vLex Global  |d vLex Global (Academic Edition, excluding Law Schools)  |d vLex Global (U.S. Academic Edition, Law Schools)  |d vLex Global (U.S. Academic Edition, excluding Law Schools)  |d vLex Global (Academic Edition, Law Schools) 
650 0 4 |a Derecho laboral  |z Mx̌ico 
650 0 4 |a Seguridad social  |z Mexico 
700 1 |a Fol Olguin, Raymundo 
740 0 |a vLex libros (servicios en ln̕ea) 
856 4 0 |z Acceso restringido  |u http://vlex.com/source/practiagenda-laboral-2016-14371 
942 |c BOOK 
999 0 |a Labor laws and legislation 
999 0 |a Social security